Normal view MARC view
  • Loubat-Delranc, Philippe,

Entry Nom personal

Number of records used in: 1

001 - NÚMERO DE CONTROL

  • campo de control: 166423

003 - IDENTIFICADOR DEL NÚMERO DE CONTROL

  • campo de control: ES-BaIT

005 - FECHA Y HORA DE LA ÚLTIMA TRANSACCIÓN

  • campo de control: 20250702122215.0

008 - DATOS DE LONGITUD FIJA

  • campo de control de longitud fija: 250702|| aca||aabn | a|a d

040 ## - FUENTE DE LA CATALOGACIÓN

  • Centro catalogador/agencia de origen: ES-BaIT

100 1# - ENCABEZAMIENTO-NOMBRE DE PERSONA

  • Nombre de persona: Loubat-Delranc, Philippe,
  • Fechas asociadas al nombre: 1958-

Powered by Koha